| 000 | 00442 a2200181 4500 | ||
|---|---|---|---|
| 005 | 20260128105326.0 | ||
| 008 | 260127b |||||||| |||| 00| 0 eng d | ||
| 020 |
_a9789383101856 _cRs. 1950.00 |
||
| 040 | _aMAIN | ||
| 082 |
_a590.75 _bJ953Z |
||
| 100 | _aJuneja, M S | ||
| 245 | _aZoography science | ||
| 260 |
_bAgrotech Press _c2025 _aJaipur |
||
| 300 | _a248 | ||
| 650 | _aZoology | ||
| 650 | _aZoological Description | ||
| 942 | _cBK | ||
| 999 |
_c395155 _d395155 |
||